| 000 | 00353nam a22001577a 4500 | ||
|---|---|---|---|
| 003 | SGT | ||
| 020 | _a9789386310866 | ||
| 082 |
_a617.695 _bH17B |
||
| 100 | _aBhat V.S. | ||
| 245 | _aHandbook On Dental Materials | ||
| 250 | _a1st | ||
| 260 |
_aNEW DELHI _bCBS PUBLISHER _c2017 |
||
| 300 | _a1-250 | ||
| 650 | _aDental Materials | ||
| 942 |
_2ddc _cBK _07 |
||
| 999 |
_c20925 _d20925 |
||